000 00370nam a22001337a 4500
082 _a343.54910968 ABI
100 _aAbid, Adeel
245 _aThe Maritime Laws Of Pakistan /
_cAdeel Abid
260 _aKarachi :
_bPakistan Law House,
_c2014.
300 _a375 p. ;
_c24 cm.
942 _2ddc
_cBK
999 _c587090
_d587090